000
00209 a2200097 4500
001
29359
100
_a
Gulezian
245
_a
Statistics for decision Making
260
_a
_b
Saunders
_c
090
_c
19587
_d
19587
942
_a
NUST-CAE
_c
M
_c
10654
999
_c
264432
_d
264432